000 00788nam a2200253 i 4500
001 16575
003 ES-MaACL
005 20240418111911.0
007 t|
008 001017s1999 sp ||||0| spa j
020 _a84-376-1759-6
040 _aM-BN
_bspa
_cM-BN
080 _a821.134.2-14"19"
100 1 _aJiménez, Juan Ramón,
_d1881-1958
_966417
245 1 3 _aLa realidad invisible /
_cJuan Ramón Jiménez ; edición de Diego Martínez Torrón.
260 _aMadrid :
_bCátedra,
_c[1999]
300 _a269 p. ;
_c18 cm.
490 1 _aLetras hispánicas ;
_v495
700 0 _aMartínez Torrón, Diego,
_d1950-
_978451
830 0 0 _aLetras hispánicas ;
_v495
_9235703
852 _aES-MaACL
_jL-23779
_bR.128999
942 _2udc
999 _c16575
_d16575